| 000 -LEADER |
| fixed length control field |
00522cam a2200157Mi 4500 |
| 020 ## - INTERNATIONAL STANDARD BOOK NUMBER |
| ISBN |
9789251061596 |
| 020 ## - INTERNATIONAL STANDARD BOOK NUMBER |
| ISBN |
9251061599 |
| 040 ## - CATALOGING SOURCE |
| Transcribing agency |
NLGGC |
| 082 ## - DEWEY DECIMAL CLASSIFICATION NUMBER |
| Classification number |
363 FAO 2009 A068 Or. |
| 110 2# - MAIN ENTRY--CORPORATE NAME |
| Corporate name or jurisdiction name as entry element |
United Nations Food and Agriculture Organization (FAO) (Rome). |
| 245 10 - TITLE STATEMENT |
| Title |
FAO/WFP joint guidelines for Crop and Food Security Assessment Missions (CFSAMs). |
| 260 ## - PUBLICATION, DISTRIBUTION, ETC. (IMPRINT) |
| Place of publication |
Rome [etc.] : |
| Name of publisher |
FAO [etc.], |
| Year of publication |
2009. |
| 300 ## - PHYSICAL DESCRIPTION |
| Number of Pages |
319 p. : |
| Other physical details |
graf., tab. ; |
| Dimensions |
21 cm. + |
| Accompanying material |
1 CD-Rom. |
| 710 2# - ADDED ENTRY--CORPORATE NAME |
| Corporate name or jurisdiction name as entry element |
World Food Programme (WFP) |
| 942 ## - ADDED ENTRY ELEMENTS (KOHA) |
| Koha item type |
សៀវភៅភាសាអង់គ្លេស |
| 952 ## - LOCATION AND ITEM INFORMATION (KOHA) |
| Withdrawn status [LOCAL, KOHA] |
0 |